01580nam a2200205Ia 4500001081000000002005000810008003700860010001100897530002200908583002600930650006100956650007101017650005501088650005101143650002101194650002601215700004401241700004601285700004301331IA_Based on the methodology proposed composed of a mixed research (documentary and field) adapted for the productive area of mango, the following results were obtained: to implement this project requires an investment in fixed assets and deferred of 6,790,249.00 and an initial working capital of 764,816.00, these investments can be covered by resources of the partners (12.8%), by the Delegation SAGARPA (69.4%) and Financiera Nacional (17.8%). Under these conditions it was determined that the project is economically viable with a NPV of 5,883,626.01 and an IRR of 122.93% and, calculated with an update factor of 20%. Likewise, a B / C ratio of 1.13 was calculated. It is concluded that with the formal organization of the partner producers and the use of technologies that allow the increase of prodESTUDIO DE FACTIBILIDAD TECNICO-ECONOMICO PARA EL220117s xx 000 0 und d a187877 aDisponible en PDF a1 ej. Imp. ; 2 ej. CD 0aEntrepreneurshipzMexicozGuerrerozAyutla de los Libres 0aIniciativa empresarialzMéxicozGuerrerozAyutla de los Libres  0aMangifera indicaxIndustria y comerciozMéxico  0aMangifera indicaxIndustry and tradezMexico  aPacking houses  aPlantas empacadoras  aAltamirano Cárdenas, J. Reyes, asesor aCovarrubias Gutiérrez, Ignacio, asesor  aVelázquez Castillo, Alejandra, dir.